[Event "Girls U12 Polish Youth Championship"]
[Site "chess24.com"]
[Date "2018.05.05"]
[Round "9"]
[White "Skolska, Emilia"]
[Black "Sivickis, Kornelia"]
[Result "0-1"]
[Board "22"]
[WhiteElo "1211"]
[WhiteCountry "POL"]
[WhiteFideId "21883645"]
[WhiteEloChange "-15"]
[BlackElo "1026"]
[BlackCountry "POL"]
[BlackFideId "21836531"]
[BlackEloChange "15"]

1. e4 {[%clk 1:30:59]} c5 {[%clk 1:30:55]} 2. Nf3 {[%clk 1:31:21]} Nc6 {[%clk
1:31:18]} 3. d4 {[%clk 1:31:44]} cxd4 {[%clk 1:31:40]} 4. Nxd4 {[%clk 1:32:05]}
g6 {[%clk 1:31:47]} 5. Nc3 {[%clk 1:32:15]} Bg7 {[%clk 1:31:56]} 6. Be3 {[%clk
1:32:37]} Nf6 {[%clk 1:31:53]} 7. f3 {[%clk 1:32:46]} O-O {[%clk 1:31:28]} 8. Bc4
{[%clk 1:32:57]} Nxe4 {[%clk 1:05:25]} 9. fxe4 {[%clk 1:32:44]} Qb6 {[%clk
1:05:47]} 10. Nd5 {[%clk 1:21:52]} Qxb2 {[%clk 0:59:56]} 11. Rb1 {[%clk 1:21:04]}
Qa3 {[%clk 1:00:04]} 12. Nf4 {[%clk 0:51:44]} Qxe3+ {[%clk 0:59:59]} 13. Nfe2
{[%clk 0:51:57]} Bxd4 {[%clk 0:58:43]} 0-1

[Event "Girls U12 Polish Youth Championship"]
[Site "chess24.com"]
[Date "2018.05.05"]
[Round "9"]
[White "Brelinska, Matylda"]
[Black "Walendykiewicz, Martyna"]
[Result "0-1"]
[Board "23"]
[WhiteElo "1051"]
[WhiteCountry "POL"]
[WhiteFideId "21861072"]
[WhiteEloChange "-9"]
[BlackElo "1071"]
[BlackCountry "POL"]
[BlackFideId "21832927"]
[BlackEloChange "9"]

1. e4 {[%clk 1:30:59]} e5 {[%clk 1:30:54]} 2. Nf3 {[%clk 1:31:23]} Nf6 {[%clk
1:31:16]} 3. Nxe5 {[%clk 1:31:47]} d6 {[%clk 1:31:43]} 4. Nf3 {[%clk 1:32:13]}
Nxe4 {[%clk 1:32:07]} 5. Nc3 {[%clk 1:32:34]} Nxc3 {[%clk 1:32:20]} 6. dxc3
{[%clk 1:32:53]} Be7 {[%clk 1:32:21]} 7. Bf4 {[%clk 1:32:39]} Bg4 {[%clk
1:32:35]} 8. h3 {[%clk 1:32:56]} Bh5 {[%clk 1:32:11]} 9. Qd5 {[%clk 1:33:14]}
Bxf3 {[%clk 1:32:20]} 10. Qxf3 {[%clk 1:33:21]} Nc6 {[%clk 1:31:56]} 11. O-O-O
{[%clk 1:33:25]} a6 {[%clk 1:32:19]} 12. g4 {[%clk 1:33:43]} Qd7 {[%clk 1:31:59]}
13. Bc4 {[%clk 1:33:08]} Rf8 {[%clk 1:27:23]} 14. Rhe1 {[%clk 1:32:01]} O-O-O
{[%clk 1:26:34]} 15. Re2 {[%clk 1:30:17]} Rde8 {[%clk 1:21:56]} 16. Bd3 {[%clk
1:29:26]} Kb8 {[%clk 1:21:29]} 17. Bxh7 {[%clk 1:29:26]} g6 {[%clk 1:21:51]} 18.
Bh6 {[%clk 1:29:16]} Rh8 {[%clk 1:21:35]} 19. Qxf7 {[%clk 1:29:20]} Bg5+ {[%clk
1:21:57]} 20. Bxg5 {[%clk 1:26:52]} Qxf7 {[%clk 1:22:17]} 21. Rde1 {[%clk
1:26:51]} Rxe2 {[%clk 1:22:35]} 22. Rxe2 {[%clk 1:27:10]} Qxh7 {[%clk 1:22:55]}
23. a3 {[%clk 1:25:05]} Qxh3 {[%clk 1:23:03]} 24. Rd2 {[%clk 1:24:42]} Qxg4
{[%clk 1:23:07]} 25. Be3 {[%clk 1:23:59]} Rh1+ {[%clk 1:23:25]} 26. Rd1 {[%clk
1:24:22]} Qxd1# {[%clk 1:23:51]} 0-1

[Event "Girls U12 Polish Youth Championship"]
[Site "chess24.com"]
[Date "2018.05.05"]
[Round "9"]
[White "Golinska, Patrycja"]
[Black "Karys, Katarzyna"]
[Result "1-0"]
[Board "24"]
[WhiteElo "1056"]
[WhiteCountry "POL"]
[WhiteFideId "21836744"]
[WhiteEloChange "11"]
[BlackElo "1084"]
[BlackCountry "POL"]
[BlackFideId "21834253"]
[BlackEloChange "-11"]

1. e4 {[%clk 1:30:58]} e5 {[%clk 1:30:54]} 2. Nf3 {[%clk 1:31:23]} Nc6 {[%clk
1:31:17]} 3. Bb5 {[%clk 1:31:37]} a6 {[%clk 1:31:24]} 4. Ba4 {[%clk 1:32:00]} Bc5
{[%clk 1:31:35]} 5. O-O {[%clk 1:31:31]} Nge7 {[%clk 1:31:41]} 6. d3 {[%clk
1:30:06]} O-O {[%clk 1:30:38]} 7. Be3 {[%clk 1:28:40]} Bxe3 {[%clk 1:29:18]} 8.
fxe3 {[%clk 1:28:57]} d6 {[%clk 1:29:34]} 9. Bb3 {[%clk 1:26:31]} Kh8 {[%clk
1:28:58]} 10. Ng5 {[%clk 1:26:26]} f5 {[%clk 1:27:51]} 11. Qh5 {[%clk 1:25:40]}
h6 {[%clk 1:27:52]} 12. Nf7+ {[%clk 1:21:40]} Rxf7 {[%clk 1:27:45]} 13. Bxf7
{[%clk 1:20:13]} fxe4 {[%clk 1:25:53]} 14. dxe4 {[%clk 1:20:20]} d5 {[%clk
1:20:01]} 15. exd5 {[%clk 1:19:03]} Nxd5 {[%clk 1:19:36]} 16. Bxd5 {[%clk
1:15:13]} Qxd5 {[%clk 1:19:31]} 17. Nc3 {[%clk 1:14:05]} Qd2 {[%clk 1:18:03]} 18.
Qe8+ {[%clk 1:11:05]} Kh7 {[%clk 1:18:13]} 19. Rf8 {[%clk 1:11:00]} g5 {[%clk
1:18:27]} 20. Qf7# {[%clk 1:10:52]} 1-0

[Event "Girls U12 Polish Youth Championship"]
[Site "chess24.com"]
[Date "2018.05.05"]
[Round "9"]
[White "Sobieraj, Wiktoria"]
[Black "Kandula, Jasmina"]
[Result "0-1"]
[Board "26"]
[WhiteElo "1130"]
[WhiteCountry "POL"]
[WhiteFideId "21839107"]
[WhiteEloChange "-10"]
[BlackElo "1143"]
[BlackCountry "POL"]
[BlackFideId "21844330"]
[BlackEloChange "10"]

1. c3 {[%clk 1:30:58]} d5 {[%clk 1:27:56]} 2. d4 {[%clk 1:31:06]} c6 {[%clk
1:26:02]} 3. Nf3 {[%clk 1:30:51]} Bf5 {[%clk 1:24:54]} 4. Bf4 {[%clk 1:30:08]}
Nf6 {[%clk 1:22:01]} 5. Nbd2 {[%clk 1:28:29]} Qb6 {[%clk 1:21:01]} 6. Qc1 {[%clk
1:25:45]} h6 {[%clk 1:19:40]} 7. e3 {[%clk 1:23:02]} Nh5 {[%clk 1:18:00]} 8. Be5
{[%clk 1:20:11]} f6 {[%clk 1:17:07]} 9. Bg3 {[%clk 1:19:58]} Nxg3 {[%clk
1:16:32]} 10. hxg3 {[%clk 1:20:11]} Nd7 {[%clk 1:15:58]} 11. Be2 {[%clk 1:18:35]}
O-O-O {[%clk 1:14:28]} 12. Nh4 {[%clk 1:18:02]} Bh7 {[%clk 1:12:57]} 13. Nb3
{[%clk 1:14:08]} g5 {[%clk 1:09:20]} 14. Nf3 {[%clk 1:13:04]} Bg6 {[%clk
1:08:34]} 15. Qd2 {[%clk 1:11:22]} e5 {[%clk 1:06:42]} 16. O-O-O {[%clk 1:08:24]}
Bd6 {[%clk 1:05:40]} 17. Ne1 {[%clk 1:05:57]} e4 {[%clk 0:58:56]} 18. g4 {[%clk
1:03:25]} c5 {[%clk 0:54:42]} 19. Kb1 {[%clk 1:01:41]} c4 {[%clk 0:50:43]} 20.
Nc1 {[%clk 1:00:00]} Kb8 {[%clk 0:45:40]} 21. f3 {[%clk 0:58:33]} exf3+ {[%clk
0:47:16]} 22. Ka1 {[%clk 0:57:30]} fxe2 {[%clk 0:47:20]} 23. Nxe2 {[%clk
0:57:37]} Rc8 {[%clk 0:47:07]} 24. Rh3 {[%clk 0:57:20]} Qa5 {[%clk 0:44:37]} 25.
Nf3 {[%clk 0:56:06]} Rc6 {[%clk 0:43:27]} 26. Nc1 {[%clk 0:53:55]} Ra6 {[%clk
0:39:02]} 27. Rdh1 {[%clk 0:51:54]} Bf8 {[%clk 0:37:23]} 28. Re1 {[%clk 0:49:55]}
Qa4 {[%clk 0:32:26]} 29. Qf2 {[%clk 0:47:42]} Bc2 {[%clk 0:26:24]} 30. Re2 {[%clk
0:47:08]} Bb3 {[%clk 0:24:22]} 31. a3 {[%clk 0:47:10]} Bxa3 {[%clk 0:23:11]} 32.
bxa3 {[%clk 0:47:18]} Qxa3+ {[%clk 0:23:20]} 33. Kb1 {[%clk 0:47:39]} Qa1# {[%clk
0:23:37]} 0-1